[Event "8. Lovsprings EMT Basis 2 1996"]
[Site "Ringsted"]
[Date "1996.03.29"]
[Round "4"]
[White "Jorgensen, Morten"]
[Black "Jensen, Arne Skov"]
[Result "0-1"]
[WhiteElo "1461"]
[BlackElo "1540"]
[PlyCount "78"]
[EventDate "1996.??.??"]

1. d4 c5 2. d5 g6 3. e4 Bg7 4. f4 d6 5. Nf3 Bg4 6. Be2 Qb6 7. Nc3 Bxf3 8. Bxf3
Nd7 9. O-O Ngf6 10. Qd2 O-O 11. b3 Ne8 12. Bb2 Qa5 13. a4 c4 14. bxc4 Qb6+ 15.
Kh1 Qxb2 16. e5 Qb6 17. Bg4 Nc5 18. Rab1 Qd8 19. Qe3 a6 20. Rfe1 Qc7 21. Ne4
Nxe4 22. Qxe4 Rb8 23. g3 f5 24. exf6 Bxf6 25. f5 g5 26. h4 Ng7 27. h5 h6 28.
Bf3 Be5 29. g4 Ne8 30. Qe2 Nf6 31. Be4 Qc5 32. Bd3 Qd4 33. Rg1 Rfc8 34. a5 Rc5
35. Ra1 Qc3 36. Qe1 Qxe1 37. Raxe1 Rxa5 38. Rb1 Kf8 39. Rb6 Bd4 0-1

[Event "8. Lovsprings EMT Basis 2 1996"]
[Site "Ringsted"]
[Date "1996.03.29"]
[Round "4"]
[White "Kristensen, Benny"]
[Black "Jorgensen, Mikkel"]
[Result "0-1"]
[WhiteElo "1523"]
[BlackElo "1600"]
[PlyCount "80"]
[EventDate "1996.??.??"]

1. e4 c6 2. c4 e5 3. Nf3 d6 4. d4 Nd7 5. dxe5 dxe5 6. Nc3 Ngf6 7. Bg5 Qc7 8.
Bd3 Be7 9. O-O O-O 10. Bc2 Rd8 11. Qe2 Nc5 12. Rad1 Bg4 13. h3 Be6 14. Rxd8+
Rxd8 15. Rd1 Rxd1+ 16. Qxd1 Bxc4 17. Nh4 Be6 18. Nf5 Bxf5 19. exf5 Qd8 20.
Qxd8+ Bxd8 21. b4 Ncd7 22. b5 c5 23. Nd5 h6 24. Nxf6+ Nxf6 25. Bh4 b6 26. f3
Kf8 27. Bxf6 Bxf6 28. Be4 Ke7 29. Kf2 Kd6 30. Ke3 c4 31. Kd2 Kc5 32. a4 Bh4 33.
Bc2 Kd4 34. Bb1 f6 35. g4 Bg5+ 36. Kc2 Ke3 37. Kc3 Kxf3 38. Kxc4 e4 39. Kd5 e3
40. Be4+ Kf2 0-1

[Event "8. Lovsprings EMT Basis 2 1996"]
[Site "Ringsted"]
[Date "1996.03.29"]
[Round "4"]
[White "Kroyer, Stefan M"]
[Black "Svava, Mogens"]
[Result "1/2-1/2"]
[WhiteElo "1497"]
[BlackElo "1598"]
[PlyCount "65"]
[EventDate "1996.??.??"]

1. d4 d5 2. c4 c6 3. Nc3 Nf6 4. Nf3 Bg4 5. e3 e6 6. cxd5 exd5 7. Be2 Nbd7 8.
Bd2 Bd6 9. Ng5 Bxe2 10. Qxe2 h6 11. Nf3 Qe7 12. a3 a5 13. O-O O-O 14. Rab1 b5
15. Rfc1 Rfc8 16. Qe1 Nb6 17. Nh4 g6 18. Nf3 Nc4 19. Qe2 b4 20. axb4 axb4 21.
Nd1 Nxd2 22. Nxd2 c5 23. dxc5 Bxc5 24. Nb3 Bd6 25. Rxc8+ Rxc8 26. Nd4 Qe4 27.
Ra1 Be5 28. Qa6 Re8 29. Nf3 Kg7 30. Rc1 Re6 31. Qb5 Bd6 32. b3 Ng4 33. Qe2
1/2-1/2

[Event "8. Lovsprings EMT Basis 2 1996"]
[Site "Ringsted"]
[Date "1996.03.29"]
[Round "4"]
[White "Petersen, Jesper"]
[Black "Paustian, Dennis"]
[Result "0-1"]
[WhiteElo "1634"]
[BlackElo "1517"]
[PlyCount "60"]
[EventDate "1996.??.??"]

1. d4 d5 2. c4 e6 3. Nc3 Nf6 4. Nf3 c6 5. c5 b6 6. cxb6 axb6 7. Bg5 Be7 8. e3
Ba6 9. Bd3 Bxd3 10. Qxd3 O-O 11. Ne5 c5 12. h4 Nfd7 13. Nxd7 Qxd7 14. g4 Nc6
15. a3 f5 16. gxf5 Rxf5 17. Ke2 Raf8 18. Raf1 Bf6 19. Bxf6 R8xf6 20. Ke1 Qf7
21. Nd1 e5 22. dxc5 bxc5 23. e4 dxe4 24. Qxe4 Rf4 25. Qc2 c4 26. Rh3 Nd4 27.
Qa4 Nf3+ 28. Ke2 Qd5 29. Rxf3 Qxf3+ 30. Ke1 Re4+ 0-1

[Event "8. Lovsprings EMT Basis 2 1996"]
[Site "Ringsted"]
[Date "1996.03.29"]
[Round "4"]
[White "Riise, Kim"]
[Black "Hansen, Jens Boysen"]
[Result "1-0"]
[WhiteElo "1470"]
[BlackElo "1649"]
[PlyCount "83"]
[EventDate "1996.??.??"]

1. Nf3 Nc6 2. d4 d5 3. g3 Bg4 4. Bg2 Bxf3 5. Bxf3 e6 6. O-O Nf6 7. Bg5 Be7 8.
c3 h6 9. Bxf6 Bxf6 10. Nd2 Ne7 11. Bg2 g5 12. e4 c6 13. f4 gxf4 14. Rxf4 Bg5
15. Rf1 Qc7 16. Qe2 Ng6 17. Nf3 O-O-O 18. Nxg5 hxg5 19. Qg4 Qe7 20. Rae1 Rh7
21. exd5 cxd5 22. Rf2 Kb8 23. b4 Rd7 24. Rc2 f5 25. Qe2 Nf8 26. c4 Qxb4 27.
cxd5 Qxd4+ 28. Kh1 Rhe7 29. Rec1 Rc7 30. Rxc7 Rxc7 31. Rxc7 Kxc7 32. dxe6 Nxe6
33. Bxb7 Kxb7 34. Qxe6 Qe4+ 35. Qxe4+ fxe4 36. h4 gxh4 37. gxh4 Kc7 38. h5 Kd7
39. h6 e3 40. Kg2 Ke7 41. h7 e2 42. Kf2 1-0

[Event "8. Lovsprings EMT Basis 2 1996"]
[Site "Ringsted"]
[Date "1996.04.12"]
[Round "5"]
[White "Andersson, Martin"]
[Black "Petersen, Jesper"]
[Result "1/2-1/2"]
[WhiteElo "1611"]
[BlackElo "1634"]
[PlyCount "112"]
[EventDate "1996.??.??"]

1. e4 c5 2. Nf3 d6 3. d4 cxd4 4. Nxd4 Nf6 5. Nc3 g6 6. Be3 Bg7 7. Bc4 Bd7 8.
O-O O-O 9. f3 Nc6 10. Qd2 Rc8 11. Bb3 a6 12. Qf2 Na5 13. Rfd1 Nc4 14. Bxc4 Rxc4
15. Nb3 Ne8 16. Bd4 Bxd4 17. Rxd4 Be6 18. Rad1 Rxd4 19. Qxd4 Bxb3 20. cxb3 Nc7
21. e5 Ne6 22. Qb4 Qc8 23. exd6 exd6 24. Rxd6 Qc5+ 25. Qxc5 Nxc5 26. b4 Ne6 27.
Rd7 Rb8 28. Ne4 Nf8 29. Re7 b5 30. Ng5 f5 31. Ne6 Nxe6 32. Rxe6 Ra8 33. Rb6 Ra7
34. Kf2 Rc7 35. Rxa6 Rc2+ 36. Kg3 Rxb2 37. a3 Kg7 38. Rb6 Rb3 39. Rxb5 Rxa3 40.
Rb8 Rb3 41. b5 Rb2 42. b6 Rb4 43. b7 Rb2 44. Kf4 Rb4+ 45. Ke5 Rb1 46. h3 Re1+
47. Kf4 Rb1 48. g4 fxg4 49. Kxg4 Rg1+ 50. Kf4 Rb1 51. h4 Rb4+ 52. Kg3 Rb3 53.
Kg4 Rb4+ 54. f4 Rb3 55. h5 Rb4 56. hxg6 hxg6 1/2-1/2

[Event "8. Lovsprings EMT Basis 2 1996"]
[Site "Ringsted"]
[Date "1996.04.12"]
[Round "5"]
[White "Hansen, Jens Boysen"]
[Black "Birk, Birger"]
[Result "0-1"]
[WhiteElo "1649"]
[BlackElo "1543"]
[PlyCount "70"]
[EventDate "1996.??.??"]

1. e4 e5 2. Bc4 d6 3. Nf3 Be7 4. d3 Nf6 5. Nc3 O-O 6. h3 Nbd7 7. Ne2 c6 8. Ng3
b5 9. Bb3 a5 10. c3 Nc5 11. Bc2 b4 12. O-O Rb8 13. d4 Ncd7 14. Be3 Qc7 15. cxb4
Rxb4 16. b3 d5 17. exd5 Nxd5 18. Qd3 g6 19. h4 exd4 20. Bxd4 Nf4 21. Qd2 Rd8
22. Bc3 Rb5 23. Nd4 Rc5 24. b4 Rxc3 25. Qxc3 Bf6 26. Qxc6 Qb8 27. Rad1 Bb7 28.
Qb5 Ne5 29. Be4 Bxe4 30. Qxb8 Rxb8 31. Nxe4 Bg7 32. bxa5 Ned3 33. Nb3 Rb4 34.
Nec5 Ne2+ 35. Kh2 Rxh4# 0-1

[Event "8. Lovsprings EMT Basis 2 1996"]
[Site "Ringsted"]
[Date "1996.04.12"]
[Round "5"]
[White "Jensen, Arne Skov"]
[Black "Nielsen, Carl Otto"]
[Result "0-1"]
[WhiteElo "1540"]
[BlackElo "1658"]
[PlyCount "140"]
[EventDate "1996.??.??"]

1. c4 Nf6 2. Nf3 e6 3. Nc3 d5 4. cxd5 exd5 5. d4 Be7 6. g3 O-O 7. Bg2 c6 8. O-O
Nbd7 9. Bf4 Re8 10. Ne5 Nxe5 11. Bxe5 Ng4 12. Bf4 f5 13. f3 Nf6 14. Qd3 Be6 15.
Rac1 h6 16. Na4 Nd7 17. Bh3 Rf8 18. Qe3 Rf6 19. Qd2 Qe8 20. Be5 Nxe5 21. dxe5
Rf7 22. f4 b6 23. e3 c5 24. b3 Rd8 25. Qc2 Bf8 26. Rcd1 g6 27. Bg2 Rfd7 28. Rd2
Qf7 29. Rfd1 c4 30. bxc4 dxc4 31. Bc6 Rxd2 32. Rxd2 Bd5 33. Bxd5 Rxd5 34. Nc3
Rxd2 35. Qxd2 Bb4 36. a4 Qe7 37. Kf2 Kf7 38. Ke2 Qb7 39. Qd5+ Qxd5 40. Nxd5 Bc5
41. Nc3 a6 42. Kd2 Ke6 43. h3 h5 44. e4 Bf2 45. exf5+ gxf5 46. Ne2 b5 47. axb5
axb5 48. Kd1 b4 49. Kd2 b3 50. Kc3 Be1+ 51. Kb2 Kd5 52. Ka3 Kc5 53. Kb2 Bb4 54.
Ng1 Kd5 55. Ne2 Ke4 56. Nc3+ Kd4 57. Ne2+ Kd3 58. Nc1+ Ke3 59. Kb1 Kf3 60. Kb2
Be1 61. e6 Bb4 62. g4 hxg4 63. hxg4 Kxg4 64. Ne2 Be7 65. Kc3 Bf6+ 66. Kxc4 b2
67. Nc3 Bxc3 68. e7 b1=Q 69. e8=Q Qb4+ 70. Kd5 Qd4+ 0-1

[Event "8. Lovsprings EMT Basis 2 1996"]
[Site "Ringsted"]
[Date "1996.04.12"]
[Round "5"]
[White "Jorgensen, Mikkel"]
[Black "Kroyer, Stefan M"]
[Result "0-1"]
[WhiteElo "1600"]
[BlackElo "1497"]
[PlyCount "78"]
[EventDate "1996.??.??"]

1. d4 d5 2. e4 c6 3. Nc3 dxe4 4. f3 exf3 5. Nxf3 Bg4 6. h3 Bxf3 7. Qxf3 Nf6 8.
Be3 e6 9. Bd3 Bb4 10. O-O O-O 11. Ne4 Nbd7 12. Qg3 Nxe4 13. Bxe4 Nf6 14. Bd3 g6
15. Qf2 Nh5 16. Bh6 Ng7 17. c3 Bd6 18. Rae1 Qc7 19. Re3 Rfe8 20. g4 Qe7 21. Bc4
b5 22. Bb3 c5 23. d5 c4 24. Bc2 Bc5 25. dxe6 Nxe6 26. Rfe1 Bxe3 27. Qxe3 Qc5
28. Kf2 Qxe3+ 29. Bxe3 Nc7 30. Rd1 Rad8 31. Bxa7 Rxd1 32. Bxd1 Ra8 33. Bb6 Nd5
34. Bf3 Nxb6 35. Bxa8 Nxa8 36. Ke3 Nc7 37. Kd4 Kf8 38. Kc5 Ke7 39. Kc6 f5 0-1

[Event "8. Lovsprings EMT Basis 2 1996"]
[Site "Ringsted"]
[Date "1996.04.12"]
[Round "5"]
[White "Kristensen, Benny"]
[Black "Svava, Mogens"]
[Result "1/2-1/2"]
[WhiteElo "1523"]
[BlackElo "1598"]
[PlyCount "95"]
[EventDate "1996.??.??"]

1. e4 c5 2. Nf3 Nc6 3. Qe2 a6 4. g3 d6 5. Bg2 Qc7 6. d3 g6 7. Bf4 Bg7 8. c3 Rb8
9. O-O e5 10. Be3 Nge7 11. Nh4 O-O 12. f4 f6 13. Nd2 Bd7 14. f5 g5 15. Nhf3 h6
16. g4 Nd8 17. h4 Nf7 18. hxg5 fxg5 19. Rf2 Bf6 20. Nf1 Kh7 21. Ng3 Ng8 22. Bf1
Rfc8 23. Rh2 Kg7 24. Qg2 Kf8 25. Be2 Qd8 26. Bd1 b5 27. b4 c4 28. d4 Qe7 29. d5
Ke8 30. a4 Bg7 31. axb5 axb5 32. Ra5 Nf6 33. Ne1 Qf8 34. Nh5 Nxh5 35. Rxh5 Bf6
36. Qa2 Bd8 37. Ra7 Bb6 38. Bxb6 Rxb6 39. Nf3 Qe7 40. Nh2 Qd8 41. Nf1 Rbb8 42.
Qh2 Qb6+ 43. Qf2 Qxf2+ 44. Kxf2 Ra8 45. Rxa8 Rxa8 46. Ke1 Ke7 47. Rh2 Ra3 48.
Rc2 1/2-1/2

[Event "8. Lovsprings EMT Basis 2 1996"]
[Site "Ringsted"]
[Date "1996.04.12"]
[Round "5"]
[White "Paustian, Dennis"]
[Black "Jorgensen, Morten"]
[Result "1-0"]
[WhiteElo "1517"]
[BlackElo "1461"]
[PlyCount "71"]
[EventDate "1996.??.??"]

1. e4 c5 2. Nf3 d6 3. d4 cxd4 4. Nxd4 Nf6 5. Nc3 g6 6. Be3 Bg7 7. f3 a6 8. Qd2
O-O 9. O-O-O Qc7 10. g4 e6 11. h4 b5 12. a3 Bb7 13. h5 d5 14. e5 Nfd7 15. f4
Re8 16. hxg6 fxg6 17. Qh2 Nf8 18. Bd3 Nc6 19. Nxc6 Bxc6 20. Bd4 Qf7 21. Rdf1
Rad8 22. Ne2 h6 23. Ng3 Bd7 24. f5 exf5 25. gxf5 gxf5 26. Nxf5 Bxf5 27. Rxf5
Qe7 28. Qg3 Ne6 29. Be3 Qc7 30. Bxh6 Nd4 31. Rg5 Ne6 32. Bh7+ Kh8 33. Bxg7+
Nxg7 34. Bg6+ Kg8 35. Qh4 Kf8 36. Qh8+ 1-0

[Event "8. Lovsprings EMT Basis 2 1996"]
[Site "Ringsted"]
[Date "1996.04.12"]
[Round "5"]
[White "Riise, Kim"]
[Black "Jensen, Dan Bronnum"]
[Result "1/2-1/2"]
[WhiteElo "1470"]
[BlackElo "1492"]
[PlyCount "119"]
[EventDate "1996.??.??"]

1. Nf3 c5 2. c4 Nc6 3. Nc3 Nf6 4. g3 g6 5. Bg2 Bg7 6. O-O O-O 7. d4 cxd4 8.
Nxd4 a6 9. Bg5 Qa5 10. Nxc6 dxc6 11. Bd2 Qc7 12. Qc1 Rd8 13. Bh6 Bh8 14. Qc2
Bg4 15. h3 Be6 16. b3 Qc8 17. Kh2 Bf5 18. Qc1 Qc7 19. Bf4 Qa5 20. Bd2 Qc7 21.
Bf4 Qd7 22. Rd1 Qe8 23. g4 Bd7 24. e4 e5 25. Bg5 Qe6 26. Qe3 Be8 27. Rd2 Rxd2
28. Qxd2 Nd7 29. Qe3 Bg7 30. Rd1 f6 31. Bh4 g5 32. Bg3 Bf8 33. Na4 b5 34. cxb5
axb5 35. Bf1 Kg7 36. Nc3 Bc5 37. Qd2 Bd4 38. Rc1 Bg6 39. f3 Qd6 40. Bf2 Qb4 41.
Qc2 Qxc3 42. Qxc3 Bxc3 43. Rxc3 Rxa2 44. Kg3 Ra6 45. Rd3 Be8 46. Rd6 Ra1 47.
Be2 Rc1 48. Rd2 Kf7 49. Ra2 Rc3 50. b4 Ke7 51. Ra7 Ke6 52. Ra8 Ke7 53. Ra7 Bg6
54. Be1 Rb3 55. Kf2 Kd6 56. Ra6 Nb8 57. Ra7 Ke6 58. Ra8 Nd7 59. Ra6 Nb8 60. Ra8
1/2-1/2

[Event "8. Lovsprings EMT Basis 2 1996"]
[Site "Ringsted"]
[Date "1996.04.19"]
[Round "6"]
[White "Birk, Birger"]
[Black "Paustian, Dennis"]
[Result "1-0"]
[WhiteElo "1543"]
[BlackElo "1517"]
[PlyCount "33"]
[EventDate "1996.??.??"]

1. e4 c5 2. Nc3 Nc6 3. f4 d6 4. Bb5 Bd7 5. Nf3 a6 6. Bxc6 Bxc6 7. O-O e6 8. d3
g6 9. f5 exf5 10. exf5 Qc7 11. Bg5 f6 12. Qe2+ Be7 13. Bf4 O-O-O 14. d4 g5 15.
Bg3 h5 16. dxc5 dxc5 17. Bxc7 1-0

[Event "8. Lovsprings EMT Basis 2 1996"]
[Site "Ringsted"]
[Date "1996.04.19"]
[Round "6"]
[White "Hansen, Jens Boysen"]
[Black "Andersson, Martin"]
[Result "1-0"]
[WhiteElo "1649"]
[BlackElo "1611"]
[PlyCount "123"]
[EventDate "1996.??.??"]

1. e4 c6 2. Nc3 d5 3. exd5 cxd5 4. d4 Nc6 5. Nf3 Bf5 6. Bb5 e6 7. Ne5 Qc7 8.
O-O Bd6 9. Re1 Nge7 10. h3 O-O 11. Bxc6 bxc6 12. Nf3 Rab8 13. Nh4 Bh2+ 14. Kh1
Bf4 15. Ne2 Bxc1 16. Qxc1 Qb6 17. b3 c5 18. c3 Rbc8 19. Qg5 Rc7 20. Qe3 c4 21.
bxc4 Rxc4 22. Nf3 Ra4 23. Ne5 Qa5 24. Qd2 Qc7 25. Nd3 Bxd3 26. Qxd3 Nf5 27.
Reb1 Nd6 28. Qg3 Qe7 29. f3 Nf5 30. Qf2 Qc7 31. Rb2 Ra6 32. Rab1 Rb6 33. Rxb6
axb6 34. g4 Ne7 35. Qe3 Ra8 36. Qd2 Ra6 37. Qb2 Qc4 38. Qb5 Qxb5 39. Rxb5 Ng6
40. Rb2 Nh4 41. f4 Ng6 42. Kg2 Kf8 43. Kf3 Ke8 44. f5 Ne7 45. Kf4 Nc6 46. fxe6
fxe6 47. h4 Na5 48. Kg5 Nc4 49. Rc2 Ke7 50. Nf4 h6+ 51. Kg6 b5 52. Kxg7 Ne3 53.
Rb2 Nxg4 54. Rxb5 Rxa2 55. Rb7+ Kd6 56. Rb6+ Kc7 57. Rxe6 Kd7 58. Rg6 h5 59.
Nxh5 Ne3 60. Nf6+ Kd8 61. h5 Ke7 62. Rg5 1-0

[Event "8. Lovsprings EMT Basis 2 1996"]
[Site "Ringsted"]
[Date "1996.04.19"]
[Round "6"]
[White "Jensen, Dan Bronnum"]
[Black "Svava, Mogens"]
[Result "1/2-1/2"]
[WhiteElo "1492"]
[BlackElo "1598"]
[PlyCount "165"]
[EventDate "1996.??.??"]

1. e4 c5 2. Nf3 Nc6 3. d4 cxd4 4. Nxd4 d6 5. c4 Nf6 6. Nc3 e6 7. Be2 Be7 8. O-O
O-O 9. Be3 Bd7 10. Ndb5 Be8 11. Bf4 e5 12. Be3 a6 13. Na3 h6 14. Qd2 Na7 15.
Nc2 Bc6 16. f3 a5 17. Rfd1 b6 18. Qe1 Qc7 19. Rac1 Rad8 20. Qf2 Nc8 21. Nd5
Bxd5 22. cxd5 Qb8 23. Na3 Nd7 24. Nb5 Na7 25. a3 Rc8 26. Nc3 Bg5 27. Bxg5 hxg5
28. Qe3 f6 29. Ba6 Rc7 30. b4 axb4 31. axb4 b5 32. Kh1 Qb6 33. Qxb6 Nxb6 34.
Nxb5 Nxb5 35. Bxb5 Rfc8 36. Rxc7 Rxc7 37. Bc6 Ra7 38. h3 Ra2 39. Rc1 Rb2 40. b5
Rb4 41. Be8 Rc4 42. Rb1 Kf8 43. Bc6 Ke7 44. Ra1 Ra4 45. Rb1 Rc4 46. Kh2 Ra4 47.
Kg3 g6 48. h4 gxh4+ 49. Kxh4 f5 50. Re1 Kf6 51. Kg3 Kg5 52. Re2 Rc4 53. exf5
gxf5 54. Rd2 f4+ 55. Kf2 Kh4 56. Be8 Rc5 57. Bc6 Rc4 58. Ra2 Ra4 59. Rxa4 Nxa4
60. Bd7 Nb6 61. Be6 Nc4 62. Bf5 Nb6 63. Be4 Nc4 64. Ke2 Kg3 65. Kd3 Na5 66. Kc3
Kxg2 67. Kb4 Nb7 68. b6 Nc5 69. Kb5 Nxe4 70. b7 Kxf3 71. b8=Q Ke2 72. Qg8 f3
73. Qg4 Ke3 74. Qh3 Ke2 75. Qh1 Nd2 76. Qh5 e4 77. Kb4 Ke3 78. Kc3 Ke2 79. Qg5
e3 80. Kd4 Nb3+ 81. Ke4 Nd2+ 82. Kd4 Nb3+ 83. Ke4 1/2-1/2

[Event "8. Lovsprings EMT Basis 2 1996"]
[Site "Ringsted"]
[Date "1996.04.19"]
[Round "6"]
[White "Kroyer, Stefan M"]
[Black "Kristensen, Benny"]
[Result "1/2-1/2"]
[WhiteElo "1497"]
[BlackElo "1523"]
[PlyCount "49"]
[EventDate "1996.??.??"]

1. d4 g6 2. c4 Bg7 3. Nc3 Nf6 4. Nf3 O-O 5. Bg5 d6 6. e3 Nbd7 7. Bd3 e5 8. dxe5
Nxe5 9. Nxe5 dxe5 10. Qc2 c6 11. Rd1 Qc7 12. O-O Ng4 13. Be2 Bf6 14. Bxf6 Nxf6
15. h3 Bf5 16. Bd3 Bxd3 17. Rxd3 Rad8 18. Rfd1 Rfe8 19. b3 Rxd3 20. Qxd3 Re7
21. Ne4 Nxe4 22. Qxe4 f5 23. Qd3 e4 24. Qd4 b6 25. Qd8+ 1/2-1/2

[Event "8. Lovsprings EMT Basis 2 1996"]
[Site "Ringsted"]
[Date "1996.04.19"]
[Round "6"]
[White "Nielsen, Carl Otto"]
[Black "Jorgensen, Mikkel"]
[Result "1-0"]
[WhiteElo "1658"]
[BlackElo "1600"]
[PlyCount "55"]
[EventDate "1996.??.??"]

1. d4 Nf6 2. c4 e5 3. dxe5 Ne4 4. a3 Nc6 5. Nf3 d6 6. Qc2 Bf5 7. Nc3 Ng3 8. e4
Nxh1 9. exf5 dxe5 10. Be3 Be7 11. Rd1 Qc8 12. Bd3 h6 13. Kf1 O-O 14. Kg1 Nxf2
15. Qxf2 Re8 16. Qg3 Kf8 17. Qh3 Rd8 18. Bxh6 gxh6 19. Qxh6+ Ke8 20. Nd5 Rd6
21. Qh8+ Bf8 22. Nf6+ Ke7 23. Ng8+ Ke8 24. Nxe5 Qd8 25. c5 Rxd3 26. Rxd3 Qg5
27. Nf6+ Ke7 28. Rd7# 1-0

[Event "8. Lovsprings EMT Basis 2 1996"]
[Site "Ringsted"]
[Date "1996.04.19"]
[Round "6"]
[White "Petersen, Jesper"]
[Black "Jorgensen, Morten"]
[Result "1-0"]
[WhiteElo "1634"]
[BlackElo "1461"]
[PlyCount "43"]
[EventDate "1996.??.??"]

1. d4 Nf6 2. c4 g6 3. f3 Bg7 4. Nc3 O-O 5. e4 d6 6. Be3 Nbd7 7. Qc2 c5 8. Nge2
Re8 9. Ng3 b6 10. Be2 Qc7 11. O-O Ba6 12. b3 Rac8 13. d5 Rcd8 14. Bh6 Bh8 15.
f4 e6 16. f5 exd5 17. fxg6 dxe4 18. gxf7+ Kxf7 19. Bh5+ Ke7 20. Nd5+ Nxd5 21.
Rf7+ Ke6 22. Qxe4+ 1-0

[Event "8. Lovsprings EMT Basis 2 1996"]
[Site "Ringsted"]
[Date "1996.04.26"]
[Round "7"]
[White "Andersson, Martin"]
[Black "Paustian, Dennis"]
[Result "1-0"]
[WhiteElo "1611"]
[BlackElo "1517"]
[PlyCount "57"]
[EventDate "1996.??.??"]

1. e4 d5 2. exd5 Qxd5 3. Nc3 Qa5 4. Bc4 e5 5. d3 Bb4 6. Bd2 c6 7. a3 Bxc3 8.
Bxc3 Qc7 9. Qh5 b5 10. Bb3 Bb7 11. Qxe5+ Qxe5+ 12. Bxe5 f6 13. Bg3 c5 14. f3
Nd7 15. Nh3 Ne7 16. O-O Rc8 17. Rfe1 Kd8 18. Nf4 Nf8 19. Be6 Rc6 20. Bd5 Nxd5
21. Nxd5 Re6 22. Nc3 a6 23. Ne4 Bxe4 24. dxe4 Nd7 25. Rad1 Kc8 26. Rd5 c4 27.
Red1 Rd8 28. e5 fxe5 29. Bh4 1-0

[Event "8. Lovsprings EMT Basis 2 1996"]
[Site "Ringsted"]
[Date "1996.04.26"]
[Round "7"]
[White "Jensen, Dan Bronnum"]
[Black "Kroyer, Stefan M"]
[Result "1/2-1/2"]
[WhiteElo "1492"]
[BlackElo "1497"]
[PlyCount "158"]
[EventDate "1996.??.??"]

1. e4 c6 2. d4 d5 3. exd5 cxd5 4. c4 Nf6 5. Nc3 e6 6. Nf3 Bb4 7. Bg5 h6 8. Bh4
Qa5 9. Qb3 Nbd7 10. Bd3 Nh5 11. O-O Bxc3 12. bxc3 dxc4 13. Bxc4 O-O 14. Rfe1
Qc7 15. Be2 Nf4 16. Bg3 Nxe2+ 17. Rxe2 Qb6 18. Qa3 Qd8 19. Rd1 b6 20. Nd2 Bb7
21. Rde1 a6 22. Nc4 Qc8 23. Ne3 Nf6 24. f3 Nd5 25. Nxd5 Bxd5 26. Rc1 Qc4 27.
Qb2 b5 28. Rd2 Rfc8 29. Bd6 Qc6 30. Bc5 Re8 31. f4 f6 32. Qb1 Bxg2 33. Rxg2
Rac8 34. Qg6 Rc7 35. Qxf6 Qxg2+ 36. Kxg2 gxf6 37. Kf3 Rcc8 38. Rg1+ Kf7 39. Rg3
e5 40. Rh3 Rh8 41. Ke4 exf4 42. Kxf4 Rcd8 43. a3 Rd5 44. Re3 Re8 45. Rh3 Kg6
46. Rd3 Rh5 47. h3 f5 48. Bd6 Rh4+ 49. Kg3 Rhe4 50. Bf4 h5 51. h4 Re2 52. d5
Rd8 53. d6 Rd7 54. Kf3 Re6 55. Rd5 Rd8 56. Rc5 Rdxd6 57. Bxd6 Rxd6 58. Kf4 Rf6
59. Rc8 Kg7 60. Kg5 Rf7 61. Rc6 f4 62. Kxh5 f3 63. Rg6+ Kf8 64. Rg1 f2 65. Rf1
Ke7 66. Kg5 Rf3 67. h5 Rxc3 68. Rxf2 Rxa3 69. h6 Rh3 70. Ra2 Rxh6 71. Kxh6 Kd6
72. Rxa6+ Kc5 73. Kg5 b4 74. Kf4 b3 75. Ra1 Kc4 76. Rc1+ Kd3 77. Rh1 b2 78.
Rh3+ Kc2 79. Rh2+ Kc1 1/2-1/2

[Event "8. Lovsprings EMT Basis 2 1996"]
[Site "Ringsted"]
[Date "1996.04.26"]
[Round "7"]
[White "Jorgensen, Mikkel"]
[Black "Birk, Birger"]
[Result "1-0"]
[WhiteElo "1600"]
[BlackElo "1543"]
[PlyCount "31"]
[EventDate "1996.??.??"]

1. d4 d5 2. e4 e6 3. e5 c5 4. c3 Bd7 5. Be3 Qb6 6. Qc2 Bb5 7. Ne2 Nc6 8. Nd2
cxd4 9. cxd4 Nb4 10. Qb3 Nd3+ 11. Kd1 Ba4 12. Qxa4+ Kd8 13. Qb3 Nb4 14. Nc3 Ne7
15. a3 Qa5 16. Qxb4 1-0

[Event "8. Lovsprings EMT Basis 2 1996"]
[Site "Ringsted"]
[Date "1996.04.26"]
[Round "7"]
[White "Jorgensen, Morten"]
[Black "Hansen, Jens Boysen"]
[Result "1/2-1/2"]
[WhiteElo "1461"]
[BlackElo "1649"]
[PlyCount "79"]
[EventDate "1996.??.??"]

1. d4 d5 2. c4 dxc4 3. Nf3 Nf6 4. e3 Bg4 5. Bxc4 e6 6. O-O Bd6 7. Nc3 c6 8. a3
Nd5 9. h3 Bh5 10. Be2 f5 11. Qc2 Bxf3 12. Bxf3 O-O 13. b4 Nd7 14. Bb2 Rf6 15.
e4 Nxc3 16. e5 Rf8 17. Qxc3 Bc7 18. Rac1 Bb6 19. Bd1 Qh4 20. Bb3 Rae8 21. Qd3
f4 22. Qe4 Qh6 23. Rc3 Kh8 24. Rf3 Bd8 25. Bc1 g5 26. Re1 Nb6 27. b5 Nd5 28.
bxc6 bxc6 29. Ba4 Ba5 30. Bxc6 Bxe1 31. Bxe8 Bxf2+ 32. Rxf2 Rxe8 33. Rc2 Qh5
34. Rc6 Qd1+ 35. Kh2 Qa4 36. Rd6 Qb3 37. Rd7 Re7 38. Rxe7 Nxe7 39. Qa8+ Ng8 40.
Qf3 1/2-1/2

[Event "8. Lovsprings EMT Basis 2 1996"]
[Site "Ringsted"]
[Date "1996.04.26"]
[Round "7"]
[White "Petersen, Jesper"]
[Black "Jensen, Arne Skov"]
[Result "1-0"]
[WhiteElo "1634"]
[BlackElo "1540"]
[PlyCount "33"]
[EventDate "1996.??.??"]

1. d4 d5 2. c4 Nf6 3. Nf3 c6 4. Nc3 g6 5. Bf4 Bg7 6. e3 O-O 7. cxd5 cxd5 8. Nb5
Na6 9. Rc1 Bd7 10. Nc7 Nxc7 11. Bxc7 Qe8 12. Bd3 Rc8 13. O-O Bg4 14. Qb3 Qd7
15. Ne5 Qe8 16. Nxg4 Nxg4 17. Bb5 1-0

[Event "8. Lovsprings EMT Basis 2 1996"]
[Site "Ringsted"]
[Date "1996.04.26"]
[Round "7"]
[White "Svava, Mogens"]
[Black "Nielsen, Carl Otto"]
[Result "0-1"]
[WhiteElo "1598"]
[BlackElo "1658"]
[PlyCount "132"]
[EventDate "1996.??.??"]

1. c4 Nf6 2. Nc3 e6 3. d4 Bb4 4. Bd2 O-O 5. a3 Bxc3 6. Bxc3 d5 7. e3 a5 8. Nf3
Nc6 9. Be2 Ne4 10. Qc2 Bd7 11. O-O Qe7 12. Nd2 f5 13. f4 Rf6 14. Nxe4 fxe4 15.
Be1 Rff8 16. Bg3 Qd8 17. Qd2 Ne7 18. Bh4 Qe8 19. g4 Ng6 20. Bg3 Qd8 21. c5 Ba4
22. Qc3 c6 23. b3 Bb5 24. Bxb5 cxb5 25. b4 a4 26. Qe1 Qd7 27. Qe2 Rf6 28. Rf2
Ne7 29. h3 Rg6 30. Rg2 Rf6 31. Kh2 Raf8 32. Rh1 Ng6 33. h4 Ne7 34. h5 g6 35.
Bh4 R6f7 36. Bxe7 Qxe7 37. hxg6 hxg6 38. Kg1 Rh7 39. Qxb5 Rxh1+ 40. Kxh1 Qh4+
41. Kg1 Qe1+ 42. Qf1 Qxe3+ 43. Qf2 Qxf4 44. Qxf4 Rxf4 45. b5 e3 46. c6 bxc6 47.
bxc6 Rf7 48. Rc2 Rc7 49. Kf1 Kf7 50. Ke2 Ke7 51. Kxe3 g5 52. Kd3 Kd6 53. Rc3
Rxc6 54. Rxc6+ Kxc6 55. Kc3 Kd6 56. Kb4 e5 57. Kxa4 e4 58. Kb4 Kc6 59. a4 Kb6
60. a5+ Ka6 61. Kc5 e3 62. Kxd5 e2 63. Kc6 e1=Q 64. d5 Qxa5 65. d6 Qd8 66. d7
Ka7 0-1